Normal view MARC view

Entry Personal Name

Number of records used in: 2

001 - CONTROL NUMBER

  • control field: 84449

003 - CONTROL NUMBER IDENTIFIER

  • control field: dpl

005 - DATE AND TIME OF LATEST TRANSACTION

  • control field: 20250901130102.0

008 - FIXED-LENGTH DATA ELEMENTS

  • fixed length control field: 250901|| aca||aabn | a|a d

040 ## - CATALOGING SOURCE

  • Original cataloging agency: dpl
  • Transcribing agency: dpl

100 ## - HEADING--PERSONAL NAME

  • Personal name: शर्मा ,शिमला

670 ## - SOURCE DATA FOUND

  • Source citation: Work cat.: (dpl)213211: शर्मा ,शिमला, अभिनव काव्यांश /, 2023

© Delhi Public Library
Hit Counter
free hit counter